000 00314nam a2200133Ia 4500
008 191201s2012 xx 000 0 und d
100 _aSINGH, VP
245 0 _aMechanical Vibrations
250 _aRep
260 _c2012
_bDhanpat Rai Pub (P) Ltd
_aN. Delhi
300 _a487+MISC
650 _aME
942 _2ddc
_cBB
999 _c7522
_d7522